Las criptas de la catedral /
Este es un estudio histórico de las criptas de la catedral de la Ciudad de México, desde su construcción hasta el siglo XX, pasando por sus diversas transformaciones.
I tiakina i:
| Kaituhi matua: | |
|---|---|
| Hōputu: | Pukapuka |
| Reo: | Pāniora |
| Ngā marau: | |
| Ngā Tūtohu: |
Kāore He Tūtohu, Me noho koe te mea tuatahi ki te tūtohu i tēnei pūkete!
|
MARC
| LEADER | 00000nam^a2200000^a^4500 | ||
|---|---|---|---|
| 001 | 000130453 | ||
| 005 | 20250521000000.0 | ||
| 009 | 20260310094948.466 | ||
| 037 | |a Acervo ITESO - Biblioteca | ||
| 041 | |a ESP | ||
| 082 | |a 720. 97253203 |b CAR | ||
| 100 | |a Carreño, Alberto María |e (autor) | ||
| 245 | 1 | 3 | |a Las criptas de la catedral / |c A.M. Carreño. |
| 264 | |a México : |b Imprenta Victoria, |c 1934 | ||
| 300 | |a 31 p. | ||
| 336 | |a texto |b txt |2 rdacontenido | ||
| 337 | |a sin mediación |b n |2 rdamedio | ||
| 338 | |a volumen |b nc |2 rdasoporte | ||
| 520 | |a Este es un estudio histórico de las criptas de la catedral de la Ciudad de México, desde su construcción hasta el siglo XX, pasando por sus diversas transformaciones. | ||
| 649 | |a XX | ||
| 650 | |a Criptas - |z México (Ciudad) - |x Tema Principal | ||
| 650 | |a Criptas - |z México | ||
| 650 | |a Templos Cristianos - |z México (Ciudad) - |x Tema Principal | ||
| 650 | |a Templos Cristianos - |z México | ||
| 650 | |a Conventos y Monasterios - |z México (Ciudad) | ||
| 650 | |a Conventos y Monasterios - |z México | ||
| 650 | |a Arquitectura Religiosa - |z México (Ciudad) | ||
| 650 | |a Arquitectura Religiosa - |z México | ||
| 650 | |a Arquitectura Barroca - |z México (Ciudad) | ||
| 650 | |a Arquitectura Barroca - |z México | ||
| 650 | |a Arquitectura Virreinal - |z México (Ciudad) - |x Tema Principal | ||
| 650 | |a Arquitectura Mexicana | ||
| 650 | |a Arte Religioso - |z México (Ciudad) | ||
| 650 | |a Arte Religioso - |z México | ||
| 650 | |a Arte Barroco - |z México (Ciudad) | ||
| 650 | |a Arte Barroco - |z México | ||
| 650 | |a Arte Virreinal - |z México (Ciudad) | ||
| 650 | |a Arte Mexicano | ||
| 650 | |a México (Ciudad) - |x Descripción | ||
| 650 | |a México (Ciudad) - |x Historia - |y Epoca Colonial, 1517-1821 | ||
| 650 | |a México - |x Descripción | ||
| 650 | |a México - |x Historia - |y Epoca Colonial, 1517-1821 | ||
| 910 | |a Fondo Salvador Reynoso Reynoso | ||
| 920 | |a Impresos - Libros | ||
| 930 | |a Fondos Especiales | ||
| 905 | |a 112 | ||
| 901 | |a 0800011618 |b IT2 |c ESP |u 20250521 | ||
| 902 | |a https://opac.biblio.iteso.mx/vufind/Record/000130453 | ||